| 000 | 01199nam a2200337 a 4500 | ||
|---|---|---|---|
| 001 | |||
| 003 | |||
| 005 | 20210824104817.0 | ||
| 008 | 110411s2009 dr a 000 j spa d | ||
| 020 | _a9789945172164 | ||
| 040 |
_aBMPSU _bspa _cBPMSU |
||
| 082 |
_aRD863.44 _bG463c 2009 _222 |
||
| 100 | 1 |
_aGil, Ramón _d1969- |
|
| 245 | 1 | 4 |
_aLos cazadores de nubes / _cRamón Gil ; ilustraciones de Montserrat Ubach Figueras ; edición de Patricia Miranda Saldaña. |
| 260 |
_aSanto Domingo : _bEdiciones SM, _c2009. _g |
||
| 300 |
_a129 p. : _bil. ; _c19 cm. |
||
| 490 | 0 |
_aEl barco de vapor _v8 |
|
| 500 | _aIncluye datos biográficos del autor en la contracubierta. | ||
| 521 | 1 | _aA partir de 9 años. | |
| 586 | _aObra finalista II Premio de Literatura Infantil “El barco de vapor”, 2008. | ||
| 590 | _6Inventariado, 2021/VM | ||
| 650 | 4 | _2Novela infantil dominicana | |
| 650 | _2Literatura infantil dominicana | ||
| 700 | 1 |
_aMiranda Saldaña, Patricia, _eed. |
|
| 700 | 1 |
_aUbach Figueras, Montserrat, _eill. |
|
| 910 | _aVMateo V. | ||
| 942 |
_2ddc _cBK |
||
| 945 | _aInventariado, 2018/ YL | ||
| 956 |
_aVMATEO _b10 _c20150520 _lBPMS _h0069 |
||
| 956 | _aValidado. Control de calidad MFF | ||
| 999 |
_c7155 _d7155 |
||